নব্যবিজ্ঞানে অনির্দেশ্যবাদ / (Record no. 49104)
[ view plain ]
| 000 -LEADER | |
|---|---|
| fixed length control field | 00890nam a2200229 a 4500 |
| 001 - CONTROL NUMBER | |
| control field | 49104 |
| 003 - CONTROL NUMBER IDENTIFIER | |
| rucl marc code | BD-RjUL |
| 005 - DATE AND TIME OF LATEST TRANSACTION | |
| control field | 20211209054633.0 |
| 008 - FIXED-LENGTH DATA ELEMENTS--GENERAL INFORMATION | |
| fixed length control field | 160817s1945 ii ||||| |||| 00| 0 ben d |
| 020 ## - INTERNATIONAL STANDARD BOOK NUMBER | |
| Terms of availability | : Tk. .50 |
| 035 ## - SYSTEM CONTROL NUMBER | |
| System control number | (BD-RjUL)49223 |
| 040 ## - CATALOGING SOURCE | |
| Original cataloging agency | BD-RjUL |
| Language of cataloging | ben |
| Transcribing agency | BD-RjUL |
| 041 ## - LANGUAGE CODE | |
| Language code of text/sound track or separate title | ben |
| 082 ## - DEWEY DECIMAL CLASSIFICATION NUMBER | |
| Edition number | 23 |
| Classification number | 501 |
| Author mark and year | SEN 1945 |
| 100 ## - MAIN ENTRY--PERSONAL NAME | |
| Personal name | সেনগুপ্ত, প্রমথনাথ |
| 9 (RLIN) | 147697 |
| 245 10 - TITLE STATEMENT | |
| Title | নব্যবিজ্ঞানে অনির্দেশ্যবাদ / |
| Statement of responsibility, etc. | প্রমথনাথ সেনগুপ্ত |
| 260 ## - PUBLICATION, DISTRIBUTION, ETC. (IMPRINT) | |
| Place of publication, distribution, etc. | কলিকাতা : |
| Name of publisher, distributor, etc. | বিশ্বভারতী গ্রন্থালয়, |
| Date of publication, distribution, etc. | ১৯৪৫ (১৩৫২) |
| 300 ## - PHYSICAL DESCRIPTION | |
| Pagination | [৪], ৪৮ পৃ. ; |
| Size | ১৬ সেমি. |
| 650 ## - SUBJECT ADDED ENTRY--TOPICAL TERM | |
| Topical term or geographic name as entry element | বিজ্ঞান এবং মানবিক |
| 9 (RLIN) | 147698 |
| Topical term or geographic name as entry element | Science and the humanities |
| 9 (RLIN) | 147699 |
| 942 ## - ADDED ENTRY ELEMENTS (KOHA) | |
| Source of classification or shelving scheme | Dewey Decimal Classification |
| Koha item type | Books |
| Lost status | Source of classification or shelving scheme | Damaged status | Not for loan | Collection code | Permanent Location | Current Location | Shelving location | Date acquired | Source of acquisition | Cost, normal purchase price | Total Checkouts | Full call number | Date last seen | Copy number | Koha item type |
|---|---|---|---|---|---|---|---|---|---|---|---|---|---|---|---|
| Dewey Decimal Classification | Non-fiction | Central Library, University of Rajshahi | Central Library, University of Rajshahi | 13/02/1958 | Kamala Book, Calcutta | 0.50 | B 501 SEN 1945 | 17/08/2016 | C-2 | Books | |||||
| Dewey Decimal Classification | Non-fiction | Central Library, University of Rajshahi | Central Library, University of Rajshahi | 15/03/1962 | Rarooque Library | 0.58 | B 501 SEN 1945 | 27/09/2016 | C-3 | Books | |||||
| Dewey Decimal Classification | Not For Loan | Non-fiction | Central Library, University of Rajshahi | Central Library, University of Rajshahi | Reading Room | 15/03/1962 | Faruque library | 0.58 | B 501 SEN 1945 | 06/04/2017 | C-1 | Books |